|
|
|
|
| LEADER |
00000nam0a2200000 4500 |
| 001 |
183775 |
| 005 |
20231101223804.0 |
| 010 |
|
|
|a 9785903564040
|
| 035 |
|
|
|a (RuTPU)RU\TPU\book\199230
|
| 090 |
|
|
|a 183775
|
| 100 |
|
|
|a 20100820d2010 k y0rusy50 ca
|
| 101 |
0 |
|
|a rus
|
| 102 |
|
|
|a RU
|
| 105 |
|
|
|a a z 101zy
|
| 200 |
1 |
|
|a Релейная защита и автоматика энергосистем
|e сборник докладов XX конференции, 1-4 июня 2010 г., Москва
|
| 210 |
|
|
|a Москва
|c Научно-инженерное информационное агентство
|d 2010
|
| 215 |
|
|
|a 368 с.
|c ил.
|
| 320 |
|
|
|a Библиография в конце докладов.
|
| 606 |
1 |
|
|a Релейная защита в целом
|2 stltpush
|3 (RuTPU)RU\TPU\subj\24926
|9 49192
|
| 606 |
1 |
|
|a Энергетические системы
|x Автоматика
|2 stltpush
|3 (RuTPU)RU\TPU\subj\21253
|9 46272
|
| 610 |
1 |
|
|a противоаварийная автоматика
|
| 610 |
1 |
|
|a электроэнергия
|
| 610 |
1 |
|
|a АСУ
|
| 610 |
1 |
|
|a автоматизированные системы управления
|
| 610 |
1 |
|
|a коммерческий учет
|
| 610 |
1 |
|
|a короткое замыкание
|
| 610 |
1 |
|
|a системная автоматика
|
| 610 |
1 |
|
|a микропроцессорные устройства
|
| 610 |
1 |
|
|a научные работы
|
| 610 |
1 |
|
|a исследовательские работы
|
| 610 |
1 |
|
|a аварийные режимы
|
| 610 |
1 |
|
|a техническое обслуживание
|
| 610 |
1 |
|
|a конференции
|
| 675 |
|
|
|a 621.316.925.1(063)
|v 3
|
| 675 |
|
|
|a 621.311-5(063)
|v 3
|
| 712 |
1 |
2 |
|a Релейная защита и автоматика энергосистем
|b доклады конференции
|d 20
|e Москва
|f 2010
|
| 801 |
|
1 |
|a RU
|b 63413507
|c 20100820
|
| 801 |
|
2 |
|a RU
|b 63413507
|c 20211007
|g RCR
|
| 942 |
|
|
|c BK
|